000 00571nam a2200241 a 4500
001 nice12345678
003 IN_TiNIC
005 20260116011407.0
008 050524s1962 dela grp 000 0 urd
020 _a
_c4
082 0 0 _a956
_bABD
100 _aAbdur, Rasheed Khaja
245 _aMaariful Asaar
260 _aDelhi
_bNadwatul Musannifeen
_c1962
300 _a166p
500 _aincludes index and biblioraphy
505 2 _aIndex
650 _aMiddle East-History
700 1 _aAbdur, Rasheed Khaja
902 _bSRS
942 _cBK
999 _c1136
_d1136